[Event "XLIV Capablanca Memorial Open"]
[Site "Havana CUB"]
[Date "2009.06.12"]
[Round "5"]
[White "Guerra Mendez,J"]
[Black "Guerrero,JuC"]
[Result "1/2-1/2"]
[WhiteElo "2420"]
[BlackElo "2202"]
[EventDate "2009.06.08"]

1. e4 c5 2. Nf3 d6 3. d4 cxd4 4. Nxd4 Nf6 5. Nc3 g6 6. Be2 Bg7 7. O-O O-O
8. Be3 Nc6 9. Nb3 a5 10. a4 Be6 11. f4 Qc8 12. Kh1 Nb4 13. Nd4 Bc4 14. Bg1
e5 15. Ndb5 d5 16. exd5 Nfxd5 17. fxe5 Nxc3 18. bxc3 Bxb5 19. cxb4 Bxe2 20.
Qxe2 axb4 21. Qe4 Qc6 22. Qxc6 bxc6 23. a5 Bxe5 24. Ra4 Rfb8 25. a6 Rb5 26.
Rd1 Kf8 27. a7 Ke7 28. Ra6 Rd5 29. Rxd5 cxd5 30. Bc5+ Kd7 31. Bxb4 Bd4 32.
Rd6+ Kc7 33. Rxd5 Rxa7 34. g3 Bb6 35. Kg2 Kc6 36. Rd2 Kb5 37. c3 Bc5 38.
Rd5 Rc7 39. Bxc5 Rxc5 40. Rd7 Rf5 41. g4 Rg5 42. Rxf7 Rxg4+ 43. Kh3 h5
1/2-1/2

[Event "XLIV Capablanca Memorial Open"]
[Site "Havana CUB"]
[Date "2009.06.12"]
[Round "5"]
[White "Obregon,A"]
[Black "Abreu Delgado,A"]
[Result "1-0"]
[WhiteElo "2406"]
[BlackElo "2487"]
[EventDate "2009.06.08"]

1. e4 c5 2. Nf3 d6 3. d4 cxd4 4. Nxd4 Nf6 5. Nc3 a6 6. Be2 e5 7. Nb3 Be7 8.
O-O O-O 9. Be3 Be6 10. Qd2 Nbd7 11. a4 Rc8 12. a5 Qc7 13. Rfc1 Nc5 14. Nxc5
dxc5 15. f3 c4 16. Na4 Nd7 17. Bf1 f5 18. exf5 Rxf5 19. Kh1 Rcf8 20. b3 e4
21. f4 Bf6 22. Nc3 Rd8 23. b4 Ne5 24. Qe2 Nc6 25. Qe1 Re8 26. Rab1 Bf7 27.
Rd1 g5 28. Ne2 gxf4 29. Bxf4 Be5 30. Bxe5 Nxe5 31. Qh4 Ng6 32. Qh6 Qe5 33.
Ng3 Rf4 34. Rd7 Rh4 35. Qe3 Ne7 36. Rxb7 Kh8 37. h3 Nd5 38. Qf2 Rf4 39. Qa7
Rf8 40. Bxc4 e3 41. Bxd5 Qxd5 42. Qxe3 Rh4 43. Kh2 Rc4 44. Rd1 Qe6 45. Qf2
Kg8 46. Rf1 Qd5 47. Nf5 Kh8 48. Qe1 Re8 49. Qa1+ Re5 50. Rxf7 1-0

[Event "XLIV Capablanca Memorial Open"]
[Site "Havana CUB"]
[Date "2009.06.12"]
[Round "5"]
[White "Quesada Perez,Y"]
[Black "Alarcon,Rol"]
[Result "1-0"]
[WhiteElo "2402"]
[BlackElo "2367"]
[EventDate "2009.06.08"]

1. e4 e6 2. d4 d5 3. Nd2 Be7 4. Ngf3 Nf6 5. e5 Nfd7 6. Bd3 c5 7. c3 Nc6 8.
O-O g5 9. b3 cxd4 10. cxd4 Qb6 11. Bb2 h5 12. a4 a5 13. Bb5 g4 14. Ne1 Nxd4
15. Nc4 dxc4 16. Bxd4 Bc5 17. Bxc5 Qxc5 18. bxc4 Qxe5 19. Nd3 Qd4 20. Qe2
O-O 21. Rad1 Nc5 22. Rfe1 b6 23. Bc6 Ra7 24. Ne5 Qf4 25. f3 g3 26. hxg3
Qxg3 27. Nd3 Rc7 28. Nxc5 bxc5 29. Be4 f5 30. Bc2 Rg7 31. Rd2 h4 32. Qe5
Qg5 33. Ree2 h3 34. Kh2 Bb7 35. Rf2 Kh8 36. Rd7 Rfg8 37. Rxg7 Rxg7 38. g3
Bxf3 39. Rxf3 Qd2+ 40. Kxh3 Qxc2 41. Rf4 Qd1 42. Rh4+ Kg8 43. Qxe6+ Rf7 44.
Qc8+ Rf8 45. Rh8+ Kxh8 46. Qxf8+ Kh7 47. Qxf5+ Kg7 48. Qg4+ 1-0

[Event "XLIV Capablanca Memorial Open"]
[Site "Havana CUB"]
[Date "2009.06.12"]
[Round "5"]
[White "Leyva Rivera,Y"]
[Black "Arencibia Rodriguez,W"]
[Result "1/2-1/2"]
[WhiteElo "2392"]
[BlackElo "2519"]
[EventDate "2009.06.08"]

1. d4 Nf6 2. c4 g6 3. Nc3 d5 4. Bg5 Ne4 5. Bh4 Nxc3 6. bxc3 dxc4 7. e3 Be6
8. Nf3 Bg7 9. Rb1 b6 10. Nd2 O-O 11. Be2 c6 12. a4 Nd7 13. O-O a6 14. Nxc4
b5 15. Nd6 g5 16. Bxg5 f6 17. Ne4 fxg5 18. Nxg5 Bf7 19. Nxf7 Rxf7 20. c4
bxa4 21. c5 Kh8 22. Bc4 Rf6 23. f4 Qa5 24. Rb7 Rd8 25. Qe1 Qxe1 26. Rxe1
Rff8 27. Be6 Nf6 28. Ra1 Nd5 29. Bxd5 Rxd5 30. Rxa4 e5 31. fxe5 Bxe5 32. g3
Bf6 33. Rxa6 Bg5 34. Ra3 Rdf5 35. h4 Bh6 36. Kg2 Kg8 37. Re7 R5f6 38. Rb3
Rg6 39. Ra3 Bg7 40. Raa7 h5 41. Rac7 Rff6 42. Re5 Rh6 43. Re8+ Kh7 44. Ree7
Rhg6 45. Re5 Kh6 46. Rce7 Rg4 47. R5e6 Rfg6 1/2-1/2

[Event "XLIV Capablanca Memorial Open"]
[Site "Havana CUB"]
[Date "2009.06.12"]
[Round "5"]
[White "Gomez,Fe"]
[Black "Otero,Di"]
[Result "1-0"]
[WhiteElo "2359"]
[BlackElo "2431"]
[EventDate "2009.06.08"]

1. d4 d5 2. Nf3 Bf5 3. c4 e6 4. Nc3 c6 5. Qb3 Qb6 6. c5 Qxb3 7. axb3 Nd7 8.
b4 a6 9. b5 cxb5 10. Nxb5 Rc8 11. Nc3 Ne7 12. e3 Nc6 13. Nh4 Be4 14. f4 Nb4
15. Ra4 Bxc5 16. dxc5 Nc2+ 17. Kd2 Nxc5 18. Rxe4 dxe4 19. Kxc2 b5 20. Kb1
b4 21. Nxe4 Nxe4 22. Bxa6 Rc7 23. Bb5+ Ke7 24. Nf3 Rd8 25. Nd4 Rdc8 26. Nb3
Rd8 27. Be2 e5 28. fxe5 Ke6 29. Rd1 Rxd1 30. Bxd1 Kxe5 31. Nd2 Nc5 32. Bc2
f5 33. Nf3+ Kf6 34. Nd4 Ne4 35. g4 g6 36. gxf5 gxf5 37. Bxe4 fxe4 38. Bd2
Rb7 39. Ka2 Kg5 40. Kb3 Kg4 41. Be1 Kh3 42. Bg3 h5 43. Kc4 h4 44. Bf4 Kg2
45. Kd5 Re7 46. Nf5 Rd7+ 47. Kxe4 h3 48. Nd4 Re7+ 49. Kd3 Rf7 50. Ke2 b3
51. Bg3 Rg7 52. Nf5 Rg6 53. Kd3 Rxg3 54. Nxg3 Kxh2 55. Nf1+ 1-0

[Event "XLIV Capablanca Memorial Open"]
[Site "Havana CUB"]
[Date "2009.06.12"]
[Round "5"]
[White "Arias,Le"]
[Black "Bacallao,Y"]
[Result "0-1"]
[WhiteElo "2406"]
[BlackElo "2469"]
[EventDate "2009.06.08"]

1. e4 c6 2. d4 d5 3. exd5 cxd5 4. Bd3 Nf6 5. h3 e6 6. Nf3 Bd6 7. O-O Nbd7
8. Re1 Nf8 9. Ne5 Ng6 10. Nd2 O-O 11. Ndf3 Nd7 12. Nxg6 hxg6 13. c3 Re8 14.
Qe2 Nf8 15. Ne5 Bd7 16. g3 Bxe5 17. dxe5 d4 18. cxd4 Bc6 19. Be4 Rc8 20.
Qd3 Nd7 21. Bd2 Nxe5 22. dxe5 Bxe4 23. Qxe4 Qxd2 24. Qxb7 Rc2 25. Qxa7 Rd8
26. a4 Rd3 27. Kg2 Qg5 28. Kh1 Rxg3 29. Ra3 Rxa3 30. bxa3 Rc3 31. Qa8+ Kh7
32. Qg2 Qf4 33. Kg1 Rxa3 34. Qe4 Rxa4 35. Qxf4 Rxf4 36. Kg2 g5 37. Kg3 Kg6
38. Re2 Kf5 39. Re3 Re4 40. Rf3+ Kg6 41. Ra3 Rxe5 42. Ra7 Re4 43. Rb7 Ra4
44. Rc7 Ra3+ 45. Kg2 Kf6 46. Rb7 g6 47. Rc7 e5 48. Rb7 e4 49. Rb6+ Kg7 50.
Rb5 f5 51. Re5 Kf7 52. Kh2 Rb3 53. Kg2 Rb2 54. Kf1 Kf6 55. Re8 Rb6 56. Ra8
Ke5 57. Kg2 Kf4 58. Ra3 Rd6 59. Rb3 g4 60. h4 g5 0-1

[Event "XLIV Capablanca Memorial Open"]
[Site "Havana CUB"]
[Date "2009.06.12"]
[Round "5"]
[White "Macias Murillo,B"]
[Black "Aguero,L"]
[Result "1/2-1/2"]
[WhiteElo "2299"]
[BlackElo "2400"]
[EventDate "2009.06.08"]

1. d4 d5 2. c4 dxc4 3. e3 e6 4. Nf3 Nf6 5. Bxc4 c5 6. O-O a6 7. dxc5 Bxc5
8. b3 Nbd7 9. Bb2 O-O 10. Nbd2 Qe7 11. Bd3 Rd8 12. Qc2 b6 13. Ne4 h6 14.
Nxc5 bxc5 15. Qe2 Bb7 16. Rac1 Nd5 17. a3 a5 18. Bb5 N7f6 19. Ne5 Rac8 20.
Rc2 Ne4 21. Bd3 Nef6 22. Bb5 Ne4 23. Bd3 Nef6 24. f3 Qc7 25. Nc4 Nd7 26.
Rfc1 Ba6 27. Qe1 Ra8 28. Bf1 Rdb8 29. e4 N5f6 30. Qc3 Nf8 31. Qe3 N6d7 32.
Rd2 e5 33. Qc3 Ne6 34. Nxe5 Nxe5 35. Qxe5 Qxe5 36. Bxe5 Rxb3 37. Bxa6 Rxa6
38. f4 f6 39. Bd6 Rc6 40. h3 Rbb6 41. e5 Nxf4 42. Rxc5 Rxc5 43. Bxc5 Rb1+
44. Kh2 fxe5 45. Bd6 Re1 46. g3 Ng6 47. Kg2 Kf7 48. h4 h5 49. Bc7 a4 50.
Rd7+ Kg8 51. Rd8+ Kh7 52. Rd5 Re4 53. Ra5 Kg8 54. Kf3 Rc4 55. Bxe5 Nxe5+
56. Rxe5 Rc3+ 57. Kf4 g6 58. Ra5 Rxa3 59. Ra7 Kf8 60. g4 hxg4 61. Kxg4 Ke8
62. Kg5 Rg3+ 63. Kf4 Rh3 64. Kg5 Rg3+ 65. Kf4 Rh3 1/2-1/2

[Event "XLIV Capablanca Memorial Open"]
[Site "Havana CUB"]
[Date "2009.06.12"]
[Round "5"]
[White "Fernandez,Alex"]
[Black "Pina Vega,S"]
[Result "1/2-1/2"]
[WhiteElo "2399"]
[BlackElo "2270"]
[EventDate "2009.06.08"]

1. e4 c5 2. Nc3 a6 3. Nf3 d6 4. d4 cxd4 5. Nxd4 Nf6 6. f4 e5 7. Nf3 Qc7 8.
a4 Bg4 9. Bd3 Nbd7 10. O-O Be7 11. Qe1 O-O 12. fxe5 dxe5 13. Qh4 Bh5 14.
Qh3 Bg4 15. Qg3 Bh5 16. Nh4 Bg6 17. Nf5 Rfe8 18. Kh1 Bb4 19. Bd2 Bxc3 20.
Bxc3 Re6 21. Qh4 Rae8 22. Bd2 Kh8 23. Rf3 Ng8 24. Raf1 Rc6 25. b3 Nf8 26.
Qh3 Ne6 27. Nh4 Nd4 28. Nxg6+ fxg6 29. Rf7 Re7 30. Rf8 Ne6 31. Ra8 Rf7 32.
Rxf7 Qxf7 33. Qf3 Qe7 34. Bb4 Qd7 35. g3 h6 36. Bc4 Kh7 37. Bc3 Nf6 38.
Bxe5 Ng5 39. Qd3 Rxc4 40. bxc4 Qe6 41. Bxf6 Qxf6 42. Kg2 Qe6 43. Rf8 h5 44.
Qd5 Qg4 45. Rf4 Qe2+ 46. Rf2 Qg4 47. e5 Qh3+ 48. Kg1 Qg4 49. Kf1 Ne4 50.
Rf8 Ng5 51. Rf4 Qh3+ 52. Kg1 Ne6 53. Rf7 Qg4 54. Kf2 Nd4 55. Rf4 Qe2+ 56.
Kg1 Nxc2 57. h4 Ne3 58. Qf3 Qe1+ 59. Kh2 Ng4+ 60. Rxg4 hxg4 61. Qxb7 Qe2+
62. Qg2 Qxe5 63. Qc2 Qc5 64. Qe2 Qf5 65. Qd2 Qc5 66. Qe2 Qa3 67. Qxg4 Qxa4
68. Qe4 Qa2+ 69. Kh3 Qf2 70. h5 Qf1+ 71. Kh4 Qf6+ 72. Kg4 a5 73. c5 a4 74.
Qxg6+ Qxg6+ 75. hxg6+ Kh6 76. c6 a3 77. c7 a2 78. c8=Q a1=Q 79. Qd7 Qc3 80.
Qd5 Qb4+ 81. Kf5 Qb1+ 82. Kf4 Qxg6 83. g4 Qf6+ 84. Kg3 g5 1/2-1/2

[Event "XLIV Capablanca Memorial Open"]
[Site "Havana CUB"]
[Date "2009.06.12"]
[Round "5"]
[White "Vera Gonzalez Quevedo,R"]
[Black "Guerra Tulcan,L"]
[Result "1-0"]
[WhiteElo "2475"]
[BlackElo "2343"]
[EventDate "2009.06.08"]

1. d4 d5 2. c4 c6 3. Nc3 Nf6 4. e3 Bf5 5. cxd5 cxd5 6. Qb3 Bc8 7. Nf3 e6 8.
Bd3 Nc6 9. O-O Bd6 10. Bd2 O-O 11. Rfc1 Qe7 12. e4 dxe4 13. Nxe4 Nxe4 14.
Bxe4 e5 15. Bxc6 bxc6 16. dxe5 Bb8 17. Bb4 1-0

[Event "XLIV Capablanca Memorial Open"]
[Site "Havana CUB"]
[Date "2009.06.12"]
[Round "5"]
[White "Arribas Robaina,M"]
[Black "Pecorelli Garcia,H"]
[Result "1/2-1/2"]
[WhiteElo "2336"]
[BlackElo "2399"]
[EventDate "2009.06.08"]

1. e4 c6 2. d4 d5 3. exd5 cxd5 4. c4 Nf6 5. Nc3 e6 6. cxd5 Nxd5 7. Bc4 Nxc3
8. bxc3 Be7 9. Ne2 Nc6 10. O-O O-O 1/2-1/2

[Event "XLIV Capablanca Memorial Open"]
[Site "Havana CUB"]
[Date "2009.06.12"]
[Round "5"]
[White "Lorenzana,W"]
[Black "Diaz Ordonez,C"]
[Result "1-0"]
[WhiteElo "2215"]
[BlackElo "2347"]
[EventDate "2009.06.08"]

1. e4 c5 2. Nf3 d6 3. d4 cxd4 4. Nxd4 Nf6 5. Nc3 a6 6. Bc4 e6 7. Bb3 b5 8.
Bg5 Be7 9. Qf3 Qb6 10. O-O-O Nbd7 11. Rhe1 Nc5 12. Nf5 Nxb3+ 13. axb3 exf5
14. Bxf6 gxf6 15. Nd5 Qb8 16. exf5 Ra7 17. Qd3 Qb7 18. Nxe7 1-0

[Event "XLIV Capablanca Memorial Open"]
[Site "Havana CUB"]
[Date "2009.06.12"]
[Round "5"]
[White "Perez Garcia,Rodn"]
[Black "Miranda Mesa,E"]
[Result "1/2-1/2"]
[WhiteElo "2436"]
[BlackElo "2321"]
[EventDate "2009.06.08"]

1. d4 d5 2. Nf3 Nf6 3. g3 Bg4 4. Bg2 c6 5. c4 e6 6. Nc3 Nbd7 7. O-O Be7 8.
Ne5 Bf5 9. Qb3 Qb6 10. Nxd7 Nxd7 11. e4 dxe4 12. Nxe4 O-O 13. Qxb6 axb6 14.
Bf4 Rfd8 15. Rfd1 Nf6 16. Nc3 Rd7 17. d5 exd5 18. cxd5 cxd5 19. Nxd5 Nxd5
20. Rxd5 Rxd5 21. Bxd5 Be6 22. Bxb7 1/2-1/2

[Event "XLIV Capablanca Memorial Open"]
[Site "Havana CUB"]
[Date "2009.06.12"]
[Round "5"]
[White "Ortiz Suarez,I"]
[Black "Hevia,A"]
[Result "0-1"]
[WhiteElo "2493"]
[BlackElo "2332"]
[EventDate "2009.06.08"]

1. e4 c5 2. Nf3 d6 3. d4 cxd4 4. Nxd4 Nf6 5. Nc3 a6 6. Be3 e6 7. f3 b5 8.
g4 h6 9. Qd2 Nbd7 10. O-O-O Ne5 11. a3 Bb7 12. h4 d5 13. Qh2 Bd6 14. Bf4
Qb8 15. Kb1 Nexg4 16. Bxd6 Nxh2 17. Bxb8 Nxf1 18. Be5 Ne3 19. Rde1 Nc4 20.
Bxf6 gxf6 21. exd5 O-O-O 22. Rhg1 Bxd5 23. Rg7 Bb7 24. Nb3 Nd6 25. Nc5 Rdg8
26. Nxb7 Kxb7 27. Rxe6 Rxg7 28. Rxd6 Rg1+ 29. Ka2 Rh1 30. Rxf6 Rxh4 31.
Rxf7+ Kb8 32. Nd5 Rc4 33. Kb3 h5 34. Ne3 Rc7 35. Rf6 h4 36. Rg6 h3 37. Rg1
Rf7 38. Nf1 Rxf3+ 39. Kb4 h2 0-1

[Event "XLIV Capablanca Memorial Open"]
[Site "Havana CUB"]
[Date "2009.06.12"]
[Round "5"]
[White "Otazo,A"]
[Black "Figueroa,J"]
[Result "0-1"]
[WhiteElo "1953"]
[BlackElo "1780"]
[EventDate "2009.06.08"]

1. e4 c5 2. Bc4 e6 3. Qe2 a6 4. Bb3 b5 5. c3 c4 6. Bc2 Bb7 7. d4 cxd3 8.
Bxd3 Nc6 9. f4 Bc5 10. Be3 Bxe3 11. Qxe3 Nf6 12. h3 d6 13. Nf3 O-O 14. O-O
Rc8 15. Nbd2 Na5 16. Rad1 Qc7 17. Bb1 Rfd8 18. e5 dxe5 19. fxe5 Nd7 20.
Bxh7+ Kxh7 21. Ng5+ Kg8 22. Qd3 Nf8 23. Qg3 Ng6 24. Nxf7 Rf8 25. Nd6 Qc5+
26. Kh2 Qxe5 27. Nxc8 Qxg3+ 28. Kxg3 Rxc8 29. Nf3 Nc4 30. Rd7 Bxf3 31. gxf3
Nxb2 32. Re1 Rxc3 33. Rxe6 Nf8 34. Re8 Rc6 35. f4 Rf6 36. Ra7 Nd3 37. Ree7
Ne6 38. f5 Nf8 39. Rxg7+ Kh8 40. Raf7 Rxf7 41. Rxf7 Kg8 42. Ra7 Nc5 43. Kf4
Nfd7 44. Kg5 Kf7 45. h4 Kg7 46. h5 Ne4+ 47. Kf4 Nef6 48. Rxa6 Kh6 49. Ra5
b4 50. Ra8 Nxh5+ 51. Ke4 Ndf6+ 52. Kd4 Kg5 53. Ke5 Ng3 54. Ke6 Ngh5 55. Ra7
Ne4 56. Ke5 Nc3 57. Ra6 Nf4 58. f6 Ng6+ 59. Ke6 Nf4+ 60. Kd7 Kg6 61. Ke8
Nfd5 62. f7+ 0-1

[Event "XLIV Capablanca Memorial Open"]
[Site "Havana CUB"]
[Date "2009.06.12"]
[Round "5"]
[White "Gallego Alcaraz,A"]
[Black "Blanco,H"]
[Result "1/2-1/2"]
[WhiteElo "2373"]
[BlackElo "2440"]
[EventDate "2009.06.08"]

1. e4 e5 2. Nf3 Nc6 3. Bb5 a6 4. Ba4 Nf6 5. O-O Be7 6. Re1 b5 7. Bb3 d6 8.
c3 O-O 9. h3 Na5 10. Bc2 c5 11. d4 Qc7 12. Nbd2 cxd4 13. cxd4 Rd8 14. a3
exd4 15. Nxd4 Nc6 16. N2f3 Nxd4 17. Nxd4 d5 18. e5 Ne4 19. Bf4 Bb7 20. Rc1
Qd7 21. Qh5 g6 22. Qf3 Bc5 23. Rcd1 Rac8 24. Bb1 b4 25. axb4 Bxb4 26. Re3
Bc5 27. h4 Bxd4 28. Rxd4 Rc1+ 29. Kh2 Rxb1 30. Rexe4 dxe4 31. Rxd7 exf3 32.
Rxd8+ Kg7 33. gxf3 Bxf3 34. e6 fxe6 35. Be5+ Kh6 36. Kg3 Rd1 37. Bf4+ Kg7
38. Bd6 Bd5 39. Be5+ Kh6 40. Bf4+ Kh5 41. Rh8 Rg1+ 42. Kh3 Rh1+ 1/2-1/2

[Event "XLIV Capablanca Memorial Open"]
[Site "Havana CUB"]
[Date "2009.06.12"]
[Round "5"]
[White "Lucena,L"]
[Black "Hernandez,Z"]
[Result "1-0"]
[WhiteElo "2206"]
[BlackElo "2043"]
[EventDate "2009.06.08"]

1. c4 e5 2. Nc3 Nf6 3. g3 Bb4 4. Qc2 Nc6 5. Bg2 O-O 6. Nf3 d6 7. a3 Bxc3 8.
bxc3 Qe7 9. e4 Be6 10. d3 h6 11. Rb1 b6 12. Nh4 Nd7 13. Nf5 Qf6 14. O-O Qd8
15. f4 Nf6 16. Qe2 Rb8 17. d4 exd4 18. Nxd4 Na5 19. Nxe6 fxe6 20. e5 dxe5
21. fxe5 Nd7 22. Bf4 Qe7 23. Rbd1 Rbd8 24. Kh1 Qxa3 25. Bxh6 Qe7 26. Bf4
Nxe5 27. h4 Rxd1 28. Rxd1 Rd8 29. Rd4 Nb3 30. Bg5 Nxd4 31. cxd4 Qd7 32.
Bxd8 Qxd4 33. Bxc7 Nd3 34. Kh2 Qxc4 35. Bd6 Qb3 36. Be4 Nc5 37. Bxc5 bxc5
38. Qh5 Qa2+ 39. Kh3 Kf8 40. Bc6 Kg8 41. Qe8+ 1-0

[Event "XLIV Capablanca Memorial Open"]
[Site "Havana CUB"]
[Date "2009.06.12"]
[Round "5"]
[White "Ubaldo Suarez,M"]
[Black "Miranda,Y"]
[Result "0-1"]
[WhiteElo "2093"]
[BlackElo "2196"]
[EventDate "2009.06.08"]

1. d4 d5 2. Nf3 Nf6 3. c4 c6 4. Nc3 e6 5. Bg5 Nbd7 6. e3 Qa5 7. Qc2 Ne4 8.
Bf4 Bb4 9. Rc1 Qxa2 10. Bd3 Nxc3 11. bxc3 Qxc2 12. Rxc2 dxc4 13. Bxc4 Be7
14. O-O b5 15. Bd3 Bb7 16. Ra1 O-O 17. c4 a6 18. Nd2 f6 19. Nb3 Bb4 20. Be4
e5 21. dxe5 fxe5 22. Bg3 Nf6 23. Bf5 Rfe8 24. Na5 Bxa5 25. Rxa5 Rad8 26.
Ra1 g6 27. Bh3 Ne4 28. cxb5 axb5 29. f3 Nxg3 30. hxg3 Re7 31. Kf2 Kf7 32.
e4 Rd4 33. Ke3 Ke8 34. Rc5 Rb4 35. Rd1 Ra4 36. Rd6 Ra8 37. Kd3 Rd8 38.
Rxd8+ Kxd8 39. f4 exf4 40. gxf4 Kc7 41. e5 Re8 42. Rc1 Rd8+ 43. Kc3 c5 44.
Re1 Rd4 45. g3 b4+ 46. Kc2 Bc6 47. Re3 c4 48. Bg4 Re4 49. Rxe4 Bxe4+ 50.
Kd2 Kc6 51. Be2 Kd5 52. Bd1 Bf5 53. Bc2 Bxc2 54. Kxc2 0-1

[Event "XLIV Capablanca Memorial Open"]
[Site "Havana CUB"]
[Date "2009.06.12"]
[Round "5"]
[White "Mencos,C"]
[Black "Martin Rosabal,N"]
[Result "1/2-1/2"]
[WhiteElo "1899"]
[BlackElo "1982"]
[EventDate "2009.06.08"]

1. e4 c5 2. Nf3 Nc6 3. d4 cxd4 4. Nxd4 g6 5. Be2 Bg7 6. Nb3 Nf6 7. Nc3 d6
8. O-O O-O 9. Bg5 a6 10. Re1 Be6 11. Bf1 h6 12. Bh4 Rc8 13. Nd5 Bxd5 14.
exd5 Ne5 15. c3 Nc4 16. Nd2 Nxd2 17. Qxd2 g5 18. Bg3 Nh5 19. Qe3 Nxg3 20.
hxg3 Re8 21. Bd3 Rc5 22. Qe4 Kf8 23. Qf3 Kg8 24. Re2 b5 25. Rae1 Qd7 26.
Bf5 Qb7 27. Qh5 Rc7 28. Qf3 b4 29. cxb4 Qxb4 30. Bg4 Qb7 31. Bh5 Rf8 32.
Kh2 Bf6 33. Qf5 Rc5 34. Bf3 Kg7 35. Be4 Rh8 36. b3 a5 37. Rc2 Rxc2 38. Bxc2
Qc7 39. Bd3 Qc3 40. Re2 Qd4 41. Bc4 h5 42. Qd3 h4 43. Qxd4 hxg3+ 44. Kxg3
Bxd4 45. Rxe7 Rh1 1/2-1/2

[Event "XLIV Capablanca Memorial Open"]
[Site "Havana CUB"]
[Date "2009.06.12"]
[Round "5"]
[White "Mena Crespo,C"]
[Black "Corrales Jimenez,Z"]
[Result "0-1"]
[WhiteElo "2353"]
[BlackElo "2143"]
[EventDate "2009.06.08"]

1. Nf3 Nf6 2. g3 d5 3. c4 e6 4. b3 Be7 5. Bg2 c5 6. Bb2 Nc6 7. e3 O-O 8.
O-O b6 9. Nc3 Bb7 10. cxd5 Nxd5 11. Nxd5 exd5 12. d4 a5 13. a4 cxd4 14.
Nxd4 Nb4 15. Qg4 Bf6 16. Rfd1 Kh8 17. Rd2 Rc8 18. Rad1 Rc5 19. Ba3 Qc8 20.
Qh5 g6 21. Qf3 Bg7 22. h4 h5 23. Qf4 Qb8 24. Qxb8 Rxb8 25. Nb5 Rd8 26. e4
d4 27. Nxd4 Rc7 28. Nb5 Rxd2 29. Rxd2 Re7 30. Rd8+ Kh7 31. Bxb4 axb4 32.
Nd6 Ba6 33. Bf1 Bb7 34. Nxb7 Rxb7 35. f4 Bf6 36. Rd1 Kg7 37. Bc4 Be7 38.
Kg2 Rc7 39. Kf3 Rb7 40. Rd3 Rc7 41. Rd5 Ra7 42. f5 Rc7 43. fxg6 fxg6 44.
Kf4 Rc8 45. Rd7 Kf8 46. e5 Ke8 47. Ra7 Rxc4+ 48. bxc4 b3 49. Ra8+ Bd8 50.
a5 b2 51. a6 b1=Q 52. a7 Qc1+ 0-1

[Event "XLIV Capablanca Memorial Open"]
[Site "Havana CUB"]
[Date "2009.06.12"]
[Round "5"]
[White "Garcia Pantoja,R"]
[Black "Valdes,A"]
[Result "1-0"]
[WhiteElo "2369"]
[BlackElo "2233"]
[EventDate "2009.06.08"]

1. e4 c5 2. Nf3 Nc6 3. d4 cxd4 4. Nxd4 e5 5. Nb5 d6 6. c4 a6 7. N5c3 Nf6 8.
Be2 Be7 9. O-O O-O 10. Be3 Be6 11. Na3 Rc8 12. Rc1 Nd7 13. Qd2 Nc5 14. Bf3
Nb4 15. b3 Qa5 16. Nc2 Ncd3 17. Nxb4 Nxb4 18. Nd5 Bxd5 19. cxd5 Qa3 20. Bg4
Rxc1 21. Qxc1 Qxc1 22. Rxc1 Bd8 23. a3 Nd3 24. Rc3 Nc5 25. Bxc5 dxc5 26.
Rxc5 Be7 27. Rc7 Bxa3 28. Rxb7 a5 29. Kf1 g6 30. Bd7 Bd6 31. Rb6 Bc5 32.
Rc6 Bb4 33. Ke2 Rd8 34. Rc7 Bd6 35. Ra7 Rb8 36. Ba4 Bb4 37. Kd3 Rc8 38. Bc6
Rb8 39. Kc4 Be1 40. d6 Rb4+ 41. Kd5 Bxf2 42. Ra8+ Kg7 43. d7 Bb6 44. Kxe5
Bc7+ 45. Kd5 Rxb3 46. Kc4 Rb4+ 47. Kc5 Rb2 48. e5 Rc2+ 49. Kb5 Rb2+ 50. Kc5
Rc2+ 51. Kb5 Rb2+ 52. Ka6 Rb6+ 53. Ka7 a4 54. Bxa4 Rb4 55. Bc6 Bb6+ 56. Ka6
Bc7 57. Rc8 Rb6+ 58. Ka7 Rxc6 59. Kb7 Ba5 60. Kxc6 1-0

[Event "XLIV Capablanca Memorial Open"]
[Site "Havana CUB"]
[Date "2009.06.12"]
[Round "5"]
[White "Soto,O"]
[Black "Ordunez,E"]
[Result "0-1"]
[WhiteElo "2293"]
[BlackElo "2270"]
[EventDate "2009.06.08"]

1. e4 c5 2. Nf3 Nc6 3. d4 cxd4 4. Nxd4 g6 5. Nc3 Bg7 6. Be3 Nf6 7. Bc4 O-O
8. Bb3 a5 9. O-O a4 10. Nxa4 Nxe4 11. Nb5 d6 12. Qe2 Ra6 13. c4 Nf6 14.
Rfd1 Bd7 15. Rac1 Qb8 16. h3 Na5 17. Bc2 Rc8 18. b3 Be6 19. Nac3 Nd7 20.
Nd4 Nc6 21. Nxe6 Bxc3 22. Bb1 Bh8 23. Bh6 Nde5 24. Ng5 Nb4 25. f4 Nec6 26.
Rd2 Re8 27. f5 Ne5 28. Rf1 d5 29. fxg6 hxg6 30. cxd5 Rd8 31. Qe4 Qa7+ 32.
Kh1 Qc5 33. Qh4 Bf6 34. Ne4 Bxh4 35. Nxc5 Rb6 36. Bf4 Bf6 37. Re1 Rb5 38.
Ne4 Rbxd5 39. Nxf6+ exf6 40. Rxd5 Rxd5 41. Be4 Rd7 42. Re2 Ned3 43. Bxd3
Rxd3 44. Kh2 Nd5 45. Bc1 b5 46. Bb2 b4 47. Rc2 Kf8 48. Kg1 Ke7 49. Kf2 f5
50. Bc1 Kd6 51. Bd2 f4 52. Be1 Ke5 53. Rc4 Rd4 54. Ke2 g5 55. Rc8 f5 56.
Bd2 g4 57. Re8+ Kf6 58. hxg4 fxg4 59. Be1 Nc3+ 60. Bxc3 bxc3 61. Rc8 Rd2+
62. Kf1 c2 0-1

[Event "XLIV Capablanca Memorial Open"]
[Site "Havana CUB"]
[Date "2009.06.12"]
[Round "5"]
[White "Cori,J"]
[Black "Ostos,J"]
[Result "1-0"]
[WhiteElo "2418"]
[BlackElo "2316"]
[EventDate "2009.06.08"]

1. e4 e6 2. d4 d5 3. e5 c5 4. c3 Nc6 5. Nf3 Bd7 6. Be2 Nge7 7. O-O Ng6 8.
g3 cxd4 9. cxd4 f6 10. exf6 gxf6 11. Nc3 Bg7 12. h4 O-O 13. Bd3 f5 14. h5
Nh8 15. Bg5 Qe8 16. h6 Bf6 17. Be3 Ng6 18. Re1 Kh8 19. Ne2 Rg8 20. Nf4 Nxf4
21. Bxf4 Rg4 22. Qd2 Qh5 23. Be2 Rag8 24. Ne5 Nxe5 25. dxe5 Bd8 26. Bxg4
Qxg4 27. Rac1 Bb6 28. Kg2 Bc6 29. f3 Qg6 30. Rc2 d4 31. Rec1 Rc8 32. b4 a6
33. a4 Qh5 34. Qd3 Qe8 35. Bg5 Kg8 36. Bf6 Kf7 37. g4 Qg8 38. Kg3 Qg6 39.
Qd2 1-0

[Event "XLIV Capablanca Memorial Open"]
[Site "Havana CUB"]
[Date "2009.06.12"]
[Round "5"]
[White "Perez,Je"]
[Black "Figueredo,L"]
[Result "1-0"]
[WhiteElo "2080"]
[BlackElo "2419"]
[EventDate "2009.06.08"]

1. e4 d6 2. d4 Nf6 3. Nc3 g6 4. h3 Bg7 5. g3 O-O 6. Bg2 c5 7. Nge2 cxd4 8.
Nxd4 a6 9. O-O Qc7 10. Bg5 Nbd7 11. Qd2 Nb6 12. b3 Be6 13. Rad1 Bd7 14. Nd5
Nbxd5 15. exd5 e5 16. dxe6 fxe6 17. c4 Rad8 18. Rfe1 e5 19. Nc2 Bc6 20. Nb4
Kh8 21. Nd5 Qf7 22. Re2 Rfe8 23. Qe3 Rf8 24. Qb6 h6 25. Bxf6 Bxf6 26. Nxf6
Bxg2 27. Kxg2 Qxf6 28. Qe3 g5 29. Red2 Qe6 30. Qe4 Qf6 31. Qxb7 d5 32. cxd5
g4 33. hxg4 Rde8 34. d6 e4 35. d7 Qf3+ 36. Kg1 Rd8 37. Re1 Qc3 38. Qd5 Rxf2
39. Rxf2 Qxg3+ 40. Kf1 Qh3+ 41. Ke2 Qxg4+ 42. Ke3 Qg3+ 43. Kxe4 Qxf2 44.
Qe5+ Kh7 45. Qe7+ Kg6 46. Qxd8 Qxe1+ 47. Kd5 Qd2+ 48. Kc6 Qg2+ 49. Kc7 Qc2+
50. Kb8 1-0

[Event "XLIV Capablanca Memorial Open"]
[Site "Havana CUB"]
[Date "2009.06.12"]
[Round "5"]
[White "Larduet Despaigne,C"]
[Black "Quinones Centeno,Carlos"]
[Result "1/2-1/2"]
[WhiteElo "2326"]
[BlackElo "2166"]
[EventDate "2009.06.08"]

1. e4 e5 2. Nf3 Nf6 3. d3 Nc6 4. Be2 Be7 5. O-O O-O 6. c3 d5 7. Nbd2 Re8 8.
Re1 Bf8 9. Qc2 Bg4 10. Nf1 h6 11. b4 a6 12. a3 Rc8 13. h3 Bh5 14. Ng3 Bg6
15. Nh2 Nb8 16. Ng4 Nbd7 17. Bf3 c5 18. Qe2 cxb4 19. cxb4 d4 20. Qa2 Qb6
21. Bd2 Qb5 22. Qb1 Qc6 23. Nxf6+ Nxf6 24. Bd1 Be7 25. Bb3 Qd7 26. a4 Nh7
27. a5 Red8 28. Bc4 Bg5 29. Qd1 Bxd2 30. Qxd2 Ng5 31. Rab1 Ne6 32. b5 axb5
33. Rxb5 Nc5 34. Qb4 Qc7 35. f3 Kh8 36. Re2 Na6 37. Qa3 f6 38. Rc2 Rd6 39.
Kh2 h5 40. Rxb7 Qc5 41. Qxc5 Nxc5 42. Bb5 h4 43. Nf5 Bxf5 44. exf5 Rdd8 45.
Re7 Nb3 46. Ra2 Rc5 47. Rb7 Nc1 48. Ra3 Rc3 49. Ra1 Nb3 50. Ra4 Nc5 51. a6
Nxa4 52. Bxa4 Kh7 53. Bb5 Ra8 54. Rd7 Kh6 55. f4 Rc5 56. Bc4 Rxc4 57. dxc4
Rxa6 58. fxe5 fxe5 59. Rd5 Ra4 60. Rxe5 Rxc4 61. Kg1 Kg5 62. Re7 Kxf5
1/2-1/2

[Event "XLIV Capablanca Memorial Open"]
[Site "Havana CUB"]
[Date "2009.06.12"]
[Round "5"]
[White "Gutierrez,L"]
[Black "Frometa Castillo,Z"]
[Result "1-0"]
[WhiteElo "1899"]
[BlackElo "2184"]
[EventDate "2009.06.08"]

1. e4 c6 2. d4 g6 3. Nc3 Bg7 4. Nf3 d6 5. h3 Nf6 6. Bf4 O-O 7. Bd3 b5 8.
O-O b4 9. Ne2 Ba6 10. Ng3 Bxd3 11. Qxd3 Nbd7 12. Qd2 Qb6 13. Bh6 Rfe8 14.
Bxg7 Kxg7 15. e5 Ng8 16. Qf4 dxe5 17. dxe5 Nf8 18. Ng5 f6 19. Nf3 Rad8 20.
Rad1 Rd5 21. Rxd5 cxd5 22. Re1 Rc8 23. exf6+ exf6 24. Qd2 Qc5 25. Nd4 Rc7
26. Re8 Kf7 27. Qe3 Rc8 28. Rxc8 Qxc8 29. Nb5 Qxc2 30. Nd6+ Kg7 31. Qxa7+
Kh6 32. Nf7+ Kg7 33. Ne5+ Kh6 34. Ng4+ Kg5 35. Qe3+ Kh4 36. Nh6 Qd1+ 37.
Kh2 Ne6 38. Nxg8 1-0